000 00303nam a2200133Ia 4500
008 150201s2007 xx 000 0 und d
082 _a612.015
_bB07R
100 _aRAMBABU,K
245 _aTB OF BIOCHEMISTRY
250 _a1ST
260 _bAITBS
_aDELHI
_c2007
650 _aBIOCHEMISTRY
942 _2ddc
_cBK
999 _c708
_d708